| 000 | 00000nas##2200000za#4500 |
| 001 | 9.503206 |
| 003 | CaOODSP |
| 005 | 20200612091505 |
| 007 | cr ||||||||||| |
| 008 | 150406c2002||||xxc|| m o||||f| |0fre|d |
| 040 | |aCaOODSP|bfre |
| 043 | |an-cn--- |
| 086 | 1 |aH13-6F-PDF |
| 110 | 1 |aCanada. |bSanté Canada. |
| 245 | 10|aSérie de rapports de synthèse / |h[ressource électronique]|c[publié par] le Secrétariat du Fonds pour l'adaptation des services de santé. |
| 246 | 3 |aSérie de rapports de synthèse (Fonds pour l'adaptation des services de santé (Canada)) |
| 260 | |aOttawa - Ontario : |bSanté Canada |c2002. |
| 500 | |aEn tête du titre: «De la connaissance à la pratique : le Fonds pour l'adaptation des services de santé.» |
| 775 | 08|tSynthesis series / |w(CaOODSP)9.506811 |
| 776 | 0#|tSynthesis series / |w(CaOODSP)9.509388 |
| 776 | 0#|tSérie de rapports de synthèse / |w(CaOODSP)9.509389 |